New Super Mario Bros Characters - Statistics

General Stats
  • This quiz has been taken 79 times
  • The average score is 5 of 7
Answer Stats
Answer % Correct
Luigi
98%
Mario
98%
Blue Toad
77%
Yellow Toad
77%
Toadette
59%
Nabbit
58%
Mii
16%
No matching quizzes found
Score Distribution
Percent of People with Each Score
Percentile by Number Answered
Your Score History
You have not taken this quiz